000 02089cam a22004574i 4500
003 PE-LiUPU
005 20250731184603.0
008 150616s r 000 0 d
020 _a8449948142
035 _a(Sirsi) i9788449948145
040 _aPE-LiUPU
_bspa
_cPE-LiUPU
_erda
049 _aPRUA
082 0 4 _a985
_bV297h
_223
100 1 _aVargas Ugarte, Rubén,
_d1886-1975,
_eautor.
245 1 0 _aHistoria general del Perú :
_bVirreinato (1551-1596) /
_cRubén Vargas Ugarte.
250 _aTercera edición.
264 1 _aLima :
_bMilla Batres,
_c1981.
300 _a383 páginas :
_bilustraciones ;
_c25 centímetros.
336 _atext
_2rdacontent
337 _aunmediated
_2rdamedia
338 _avolume
_2rdacarrier
505 0 _aPeríodo de pacificación -- La rebelión de Francisco Hernández Girón -- Gobierno del Virrey Marqués de Cañete -- Reducción del inca Sairi Túpac -- Las minas de Potosí y Huancavelica -- Gobierno del conde de Nieva -- Gobierno del licenciado García de Castro -- Las nuevas expediciones descubridoras -- La perpetuidad de las encomiendas -- Toledo y la reorganización del Virreinato -- Incorporación de las minas a la Corona -- La ejecución de Tupac Amaru -- Drake y las incursiones en el mar del Sur -- El tribunal de la Inquisición en Lima -- Gobierno del virrey Enríquez de Almansa -- Gobierno del conde del Villar -- Gobierno de García Hurtado de Mendoza -- El auge de las rentas reales -- Expedición de Mendaña a las islas Salomón.
526 _aP136
526 _aP135
526 _aP134
526 _aP133
526 _aP144
526 _aP143
526 _aP87
526 _aP35
526 _aP20
526 _aP14
526 _aP10
526 _aP06
651 0 _aPerú
_xHistoria
_yColonia, 1551-1596.
_92271
910 _ajck
942 _2ddc
_cBK
_n0
949 _a985 V32 2
_wDEWEY
_c1
_i23902
_lCCODEBUL1
_mBUL
_r0
_sY
_tBOOK
_u2015-4-23
_xEDUCACION
_0COMPRA
_o.STAFF. Colección General
980 _81
_gALBERTO SANCHEZ Responsable de Automatización
999 _c56404
_d56404